Organisation of Islamic Conference : (Record no. 593559)

000 -LEADER
fixed length control field 01029nam a2200301 a 4500
001 - CONTROL NUMBER
control field 3502954
005 - DATE AND TIME OF LATEST TRANSACTION
control field 20230307140242.0
008 - FIXED-LENGTH DATA ELEMENTS--GENERAL INFORMATION
fixed length control field 950302s1994 pk b 001 0 eng
010 ## - LIBRARY OF CONGRESS CONTROL NUMBER
LC control number 94930836
020 ## - INTERNATIONAL STANDARD BOOK NUMBER
International Standard Book Number 0195775341
025 ## - OVERSEAS ACQUISITION NUMBER
Overseas acquisition number P-E-019490
040 ## - CATALOGING SOURCE
Original cataloging agency DLC
Transcribing agency DLC
042 ## - AUTHENTICATION CODE
Authentication code lcode
043 ## - GEOGRAPHIC AREA CODE
Geographic area code a------
-- f------
050 00 - LIBRARY OF CONGRESS CALL NUMBER
Classification number BP10.O733
Item number B33 1994
082 00 - DEWEY DECIMAL CLASSIFICATION NUMBER
Classification number 297.65
Edition number 21
100 1# - MAIN ENTRY--PERSONAL NAME
Personal name Baba, Noor Ahmad.
9 (RLIN) 109957
245 10 - TITLE STATEMENT
Title Organisation of Islamic Conference :
Remainder of title theory and practice of Pan-Islamic cooperation /
Statement of responsibility, etc. Noor Ahmad Baba.
260 ## - PUBLICATION, DISTRIBUTION, ETC.
Place of publication, distribution, etc. Karachi :
Name of publisher, distributor, etc. Oxford University Press,
Date of publication, distribution, etc. 1994.
300 ## - PHYSICAL DESCRIPTION
Extent xx, 310 p. ;
Dimensions 22 cm.
504 ## - BIBLIOGRAPHY, ETC. NOTE
Bibliography, etc. note Includes bibliographical references (p. [283]-301) and index.
610 20 - SUBJECT ADDED ENTRY--CORPORATE NAME
Corporate name or jurisdiction name as entry element Organisation of Islamic Conference.
9 (RLIN) 5060
650 #0 - SUBJECT ADDED ENTRY--TOPICAL TERM
Topical term or geographic name entry element Panislamism.
9 (RLIN) 6254
651 #0 - SUBJECT ADDED ENTRY--GEOGRAPHIC NAME
Geographic name Islamic countries
General subdivision Politics and government.
9 (RLIN) 6255
906 ## - LOCAL DATA ELEMENT F, LDF (RLIN)
a 7
b cbc
c origode
d 3
e ncip
f 19
g y-gencatlg
942 ## - ADDED ENTRY ELEMENTS (KOHA)
Source of classification or shelving scheme
Koha item type Book
Holdings
Withdrawn status Lost status Source of classification or shelving scheme Damaged status Not for loan Permanent Location Current Location Shelving location Date acquired Total Checkouts Full call number Barcode Date last seen Price effective from Koha item type
          Centre for International Peace & Stability (CIPS) Centre for International Peace & Stability (CIPS) General Stacks 03/07/2023   297.65 BAB 1994 CIPSD0000732 03/07/2023 03/07/2023 Book
© 2023 Central Library, National University of Sciences and Technology. All Rights Reserved.